000 00653nam a2200229 a 4500
001 BRCA_4382
005 20190320204641.0
008 010909s1954----gw-a######---#000-0#ger-#
041 _ager
044 _agw
050 4 _aNK2270
_b.R48 1
_c1954
100 1 _aRettelbusch, Ernst
_99530
245 1 0 _aStilhandbuch
_bOrnamentik, Möbel, Innenausbau von den ñtesten Zeiten bis zum Biedermeier
_cErnst Rettelbusch.
250 _a5
260 _aAlemania
_bJulius Hoffmann
_cc1954
300 _axvi, 254 p.
_bil.
_c35 cm.
500 _aB323
650 1 4 _aMuebles
_96141
650 1 4 _aDecoración y ornamentación
_93592
902 _aGFM
942 _2lcc
_cB
999 _c4093
_d4093